000 00371nam a2200145Ia 4500
005 20250729165803.0
008 250729s2012 xx 000 0 und d
041 _aeng
082 _a370.75 PATM
100 _aR.P.Pathak
_9233011
245 _aMeasurement and Evaluvation in Education
260 _aDelhi
_bPearson
_c2012
300 _a255p
650 _aEducation
_9233012
999 _c240068
_d240068